[Event "Bad Wörishofen op 2012 28th"]
[Site "Bad Wörishofen (2.3.-10.3)"]
[Date "2012.03.02"]
[Round "1.10"]
[White "Hipp, Hermann"]
[Black "Andreev, Eduard"]
[Result "0-1"]
[WhiteElo "1843"]
[BlackElo "2547"]
[PlyCount "88"]
[EventDate "2012.03.??"]
[EventType "swiss"]
[EventRounds "9"]
[EventCountry "GER"]
[SourceDate "2013.02.18"]
[WhiteTeam "Marktoberdorf SK"]
[BlackTeam "UKR/Ukraine"]
[BlackTeamCountry "UKR"]

1. d4 Nf6 2. Nf3 e6 3. c4 c5 4. Nc3 cxd4 5. Nxd4 Nc6 6. Ndb5 d6 7. Bg5 a6 8.
Bxf6 gxf6 9. Nd4 Qb6 10. Nb3 Ne5 11. e3 Bd7 12. Qd4 Qb4 13. f4 Nc6 14. Qd2 Na5
15. Ne4 Qxd2+ 16. Nbxd2 Be7 17. b4 Nc6 18. a3 f5 19. Nf2 Rc8 20. Nd3 b5 21. Rc1
bxc4 22. Nxc4 Rb8 23. Rb1 O-O 24. Be2 Rfc8 25. Nc1 d5 26. Nd2 a5 27. b5 Nd8 28.
a4 Rc3 29. Nd3 Ra3 30. Kf2 Rxa4 31. Ne5 Be8 32. Rhc1 Ra2 33. Nb3 Rxb5 34. Nd4
Rxb1 35. Rxb1 a4 36. g4 fxg4 37. Nxg4 h5 38. Ne5 a3 39. Nd3 Nc6 40. Nb5 Na5 41.
Nc7 Bc6 42. Ne5 Rb2 43. Rg1+ Kf8 44. Nd3 Rc2 0-1

[Event "Bad Wörishofen op 2012 28th"]
[Site "Bad Wörishofen (2.3.-10.3)"]
[Date "2012.03.02"]
[Round "1.14"]
[White "Vasilevich, Tatjana"]
[Black "Gulde, Josef"]
[Result "1-0"]
[WhiteElo "2379"]
[BlackElo "1905"]
[PlyCount "85"]
[EventDate "2012.03.??"]
[EventType "swiss"]
[EventRounds "9"]
[EventCountry "GER"]
[SourceDate "2013.02.18"]
[WhiteTeam "Aue Nickelhütte ESV"]
[BlackTeam "Krumbach SK"]

1. d4 Nf6 2. c4 e6 3. g3 d5 4. Bg2 c6 5. Qc2 Nbd7 6. Nf3 Bd6 7. O-O O-O 8. Nbd2
b6 9. e4 dxe4 10. Nxe4 Nxe4 11. Qxe4 Bb7 12. b3 Qc7 13. Ng5 Nf6 14. Qh4 h6 15.
Nf3 c5 16. Bxh6 gxh6 17. Qxf6 Kh7 18. dxc5 Qxc5 19. Rad1 Rad8 20. Rfe1 Be7 21.
Qc3 Qa3 22. Qc2+ Kg7 23. Ne5 Bxg2 24. Kxg2 Rxd1 25. Rxd1 Rd8 26. Rxd8 Bxd8 27.
Qd2 Bg5 28. Qd7 Qe7 29. Qxe7 Bxe7 30. Nc6 Bd6 31. Nxa7 e5 32. Nb5 Bb8 33. b4
Kf6 34. c5 bxc5 35. bxc5 Ke7 36. c6 Kd8 37. a4 Bc7 38. g4 Ba5 39. Kf3 Be1 40.
Ke4 Bxf2 41. Kd5 Bh4 42. a5 Kc8 43. a6 1-0

[Event "Bad Wörishofen op 2012 28th"]
[Site "Bad Wörishofen (2.3.-10.3)"]
[Date "2012.03.02"]
[Round "1.15"]
[White "Kerber, Alfred"]
[Black "Ivanov, Mikhail M(69)"]
[Result "0-1"]
[WhiteElo "1865"]
[BlackElo "2368"]
[PlyCount "98"]
[EventDate "2012.03.??"]
[EventType "swiss"]
[EventRounds "9"]
[EventCountry "GER"]
[SourceDate "2013.02.18"]
[WhiteTeam "AUT/Reutte SK"]
[BlackTeam "Bad Mergentheim SF"]
[WhiteTeamCountry "AUT"]

1. e4 c6 2. d4 d5 3. e5 Bf5 4. Bd3 Bxd3 5. Qxd3 e6 6. f4 Qa5+ 7. Bd2 Qa6 8. Qg3
Nh6 9. Ne2 Nf5 10. Qf2 b6 11. g4 Nh6 12. h3 f5 13. Rg1 c5 14. Be3 Nc6 15. g5
Ng8 16. Nbc3 cxd4 17. Nxd4 Nxd4 18. Bxd4 Ne7 19. a4 Nc6 20. Nb5 Kd7 21. Rg3 Rc8
22. c3 Nxd4 23. Nxd4 Bc5 24. Qd2 Bxd4 25. cxd4 Rc6 26. Rc3 Rhc8 27. Rxc6 Rxc6
28. b3 Qc8 29. Rd1 Rc2 30. Qd3 Qc3+ 31. Rd2 Qxd3 32. Rxd3 Kc6 33. Rf3 Kb7 34.
Kd1 Rh2 35. Kc1 Re2 36. Kd1 Re4 37. Kc2 Rxd4 38. Kc3 Rd1 39. Kc2 Rh1 40. Kd2
Rh2+ 41. Kc3 a5 42. b4 Kc6 43. bxa5 bxa5 44. Kb3 d4 45. Kc4 Ra2 46. Kb3 Ra1 47.
Rf2 Kd5 48. Rc2 Rb1+ 49. Ka3 Rb7 0-1

[Event "Bad Wörishofen op 2012 28th"]
[Site "Bad Wörishofen (2.3.-10.3)"]
[Date "2012.03.02"]
[Round "1.16"]
[White "Estremera Panos, Sergio"]
[Black "Gerhards, Walter"]
[Result "1-0"]
[WhiteElo "2258"]
[BlackElo "1805"]
[PlyCount "123"]
[EventDate "2012.03.??"]
[EventType "swiss"]
[EventRounds "9"]
[EventCountry "GER"]
[SourceDate "2013.02.18"]
[WhiteTeam "ESP/Spanien"]
[BlackTeam "Ratinger SK"]
[WhiteTeamCountry "ESP"]

1. d4 d5 2. c4 e6 3. Nf3 Nf6 4. Nc3 Be7 5. Bg5 O-O 6. e3 Nbd7 7. Bd3 h6 8. Bh4
c5 9. O-O b6 10. Qe2 Bb7 11. Rad1 Ne4 12. Bg3 Nxg3 13. hxg3 Qc7 14. cxd5 exd5
15. dxc5 bxc5 16. e4 dxe4 17. Bxe4 Bxe4 18. Qxe4 Nf6 19. Qe5 Qb7 20. Rd2 Rfe8
21. Rfd1 Bf8 22. Qf5 a6 23. Ne5 Qc8 24. Qxc8 Raxc8 25. Nc4 Ne4 26. Nxe4 Rxe4
27. b3 Rce8 28. Kf1 g6 29. Rd8 Kg7 30. Rxe8 Rxe8 31. Rd7 Re6 32. f4 h5 33. Kf2
Be7 34. Ne5 Kf6 35. Kf3 Rd6 36. Ra7 Ke6 37. Nc4 Rc6 38. g4 hxg4+ 39. Kxg4 f5+
40. Kf3 Bf6 41. g4 g5 42. gxf5+ Kxf5 43. Ne3+ Ke6 44. f5+ Ke5 45. Rd7 Bh8 46.
Rd5+ Kf6 47. Rd8 Bg7 48. Rd7 Bh6 49. Ke4 g4 50. Nxg4+ Kg5 51. Ne5 Rb6 52. Nc4
Rf6 53. Rd6 Bf8 54. Rxf6 Kxf6 55. Nb6 Bd6 56. Nd5+ Kf7 57. Ne3 Bf8 58. Ng4 Ke7
59. Kd5 Kd7 60. f6 a5 61. a4 Kc7 62. Ne5 1-0

[Event "Bad Wörishofen op 2012 28th"]
[Site "Bad Wörishofen (2.3.-10.3)"]
[Date "2012.03.02"]
[Round "1.17"]
[White "Jakob, Matthias(82)"]
[Black "Graf, Felix(93)"]
[Result "0-1"]
[WhiteElo "1945"]
[BlackElo "2349"]
[PlyCount "64"]
[EventDate "2012.03.??"]
[EventType "swiss"]
[EventRounds "9"]
[EventCountry "GER"]
[SourceDate "2013.02.18"]
[WhiteTeam "Kaarst SG"]
[BlackTeam "München Bayern FC"]

1. e4 e6 2. d4 d5 3. Nc3 Nf6 4. Bg5 Bb4 5. e5 h6 6. Be3 Ne4 7. a3 Nxc3 8. Qg4
Bf8 9. bxc3 c5 10. dxc5 Nc6 11. Bb5 Bd7 12. Bxc6 Bxc6 13. a4 h5 14. Qg3 Qa5 15.
Ne2 h4 16. Qg4 h3 17. O-O hxg2 18. Rfb1 Qc7 19. Qg3 Rh5 20. Nd4 Bxc5 21. Qxg7
Bf8 22. Nxe6 Qe7 23. Qxf8+ Qxf8 24. Nxf8 Kxf8 25. Bf4 Ke7 26. f3 Rf5 27. Rb4 d4
28. Rxd4 Bxf3 29. a5 a6 30. h4 Rh8 31. Re1 Bc6 32. Bg5+ Rxg5 0-1

[Event "Bad Wörishofen op 2012 28th"]
[Site "Bad Wörishofen (2.3.-10.3)"]
[Date "2012.03.02"]
[Round "1.18"]
[White "Straub, Hermann"]
[Black "Kummerow, Heiko"]
[Result "0-1"]
[WhiteElo "1916"]
[BlackElo "2285"]
[PlyCount "102"]
[EventDate "2012.03.??"]
[EventType "swiss"]
[EventRounds "9"]
[EventCountry "GER"]
[SourceDate "2013.02.18"]
[WhiteTeam "Frankenthal(Pfalz) SK"]
[BlackTeam "Recklinghäuser SG"]

1. b3 e5 2. Bb2 Nc6 3. e3 d6 4. Nf3 Nf6 5. d4 e4 6. d5 Nb8 7. Nfd2 Be7 8. Be2
O-O 9. O-O Bf5 10. c4 Nbd7 11. Nc3 c6 12. dxc6 bxc6 13. Rc1 Ne5 14. Re1 Qd7 15.
Nf1 Bg4 16. Nxe4 Nxe4 17. f3 Bh4 18. g3 Nxf3+ 19. Bxf3 Bxf3 20. Qxf3 Ng5 21.
Qg2 Nh3+ 22. Kh1 Be7 23. Nd2 d5 24. Nf3 Rac8 25. Rc2 Qg4 26. Nd4 Bf6 27. c5 Ng5
28. Rf2 Ne4 29. Rf4 Qh5 30. Kg1 Rfe8 31. Nf5 Bxb2 32. Qxb2 Qg6 33. b4 Ng5 34.
Qg2 Rb8 35. a3 Ne4 36. Qc2 Re5 37. Ref1 Rbe8 38. a4 Ng5 39. Qg2 Ne6 40. R4f2
Ng5 41. Nd4 Rxe3 42. Nf5 Re1 43. Nd6 Rxf1+ 44. Rxf1 Re3 45. b5 cxb5 46. axb5
Qe6 47. Kh1 Qe5 48. Rf2 Re1+ 49. Rf1 Re2 50. Rf2 Qa1+ 51. Rf1 Qb2 0-1

[Event "Bad Wörishofen op 2012 28th"]
[Site "Bad Wörishofen (2.3.-10.3)"]
[Date "2012.03.02"]
[Round "1.19"]
[White "Klein, Gereon"]
[Black "Loetscher, Roland"]
[Result "0-1"]
[WhiteElo "1836"]
[BlackElo "2330"]
[PlyCount "26"]
[EventDate "2012.03.??"]
[EventType "swiss"]
[EventRounds "9"]
[EventCountry "GER"]
[SourceDate "2013.02.18"]
[WhiteTeam "Kerpen 64 SK"]
[BlackTeam "Garching SC"]

1. Nf3 d5 2. d4 Nf6 3. c4 c6 4. Nc3 e6 5. cxd5 exd5 6. Bg5 Bf5 7. Qb3 Nbd7 8.
Qxb7 Rb8 9. Qxc6 Rxb2 10. g3 Bb4 11. Bg2 Rc2 12. Bd2 O-O 13. O-O Nb8 0-1

[Event "Bad Wörishofen op 2012 28th"]
[Site "Bad Wörishofen (2.3.-10.3)"]
[Date "2012.03.02"]
[Round "1.20"]
[White "Wichmann, Cliff"]
[Black "Buchaeckert, Juergen"]
[Result "1-0"]
[WhiteElo "2276"]
[BlackElo "1816"]
[PlyCount "87"]
[EventDate "2012.03.??"]
[EventType "swiss"]
[EventRounds "9"]
[EventCountry "GER"]
[SourceDate "2013.02.18"]
[WhiteTeam "Aue Nickelhütte ESV"]
[BlackTeam "Ludwigshafen 1912 SK"]

1. d4 Nf6 2. c4 g6 3. Nc3 d5 4. Nf3 Bg7 5. Bf4 O-O 6. e3 c5 7. dxc5 Qa5 8. Rc1
dxc4 9. Bxc4 Qxc5 10. Bb3 Nc6 11. O-O Qa5 12. Qe2 Nh5 13. Bg5 Bg4 14. Bh4 Qb4
15. Bg5 Qa5 16. Ne4 Qf5 17. Bc2 Qe6 18. Bh4 Ne5 19. Nc3 Nxf3+ 20. gxf3 Bh3 21.
Rfe1 Bf6 22. Bg3 Bxc3 23. Bb3 Nxg3 24. hxg3 Qb6 25. Rxc3 Be6 26. Rec1 Rac8 27.
Bc4 Bxc4 28. Rxc4 Rxc4 29. Rxc4 Rd8 30. Qc2 e6 31. Kg2 Qd6 32. Rc7 Rd7 33. Rxb7
Rxb7 34. Qc8+ Kg7 35. Qxb7 a6 36. b4 h5 37. a4 g5 38. Qe4 Qd7 39. b5 axb5 40.
Qe5+ f6 41. Qxb5 Qd1 42. a5 g4 43. fxg4 hxg4 44. Qb7+ 1-0

[Event "Bad Wörishofen op 2012 28th"]
[Site "Bad Wörishofen (2.3.-10.3)"]
[Date "2012.03.02"]
[Round "1.21"]
[White "Ranker, Klemens"]
[Black "Melamed, Tetyana"]
[Result "0-1"]
[WhiteElo "1787"]
[BlackElo "2332"]
[PlyCount "44"]
[EventDate "2012.03.??"]
[EventType "swiss"]
[EventRounds "9"]
[EventCountry "GER"]
[SourceDate "2013.02.18"]
[WhiteTeam "Hauptstuhl SC"]
[BlackTeam "Magdeburg  Aufbau Elbe SG"]

1. e4 c5 2. Bc4 Nc6 3. d3 e6 4. Nc3 Nf6 5. Nge2 Be7 6. O-O O-O 7. Bd2 d5 8.
exd5 exd5 9. Bb3 Bf5 10. Rc1 d4 11. Nb1 Bd6 12. Bf4 Ne5 13. Nd2 Qc7 14. Bg3 b5
15. a3 Rfe8 16. Re1 Rad8 17. Nf1 Bc8 18. Ba2 Bb7 19. Nd2 Neg4 20. Nf3 Bxf3 21.
gxf3 Ne5 22. Kg2 Nxf3 0-1

[Event "Bad Wörishofen op 2012 28th"]
[Site "Bad Wörishofen (2.3.-10.3)"]
[Date "2012.03.02"]
[Round "1.22"]
[White "Espig, Lutz"]
[Black "Spanton, Tim R"]
[Result "1/2-1/2"]
[WhiteElo "2271"]
[BlackElo "1961"]
[PlyCount "54"]
[EventDate "2012.03.??"]
[EventType "swiss"]
[EventRounds "9"]
[EventCountry "GER"]
[SourceDate "2013.02.18"]
[WhiteTeam "Plauen König SK"]
[BlackTeam "ENG/England"]
[BlackTeamCountry "ENG"]

1. Nf3 Nc6 2. d4 d5 3. Bf4 Bg4 4. e3 e6 5. c4 Bd6 6. Bg3 Nf6 7. Nc3 O-O 8. cxd5
exd5 9. Bb5 Ne7 10. Bh4 Ne4 11. Nxd5 g5 12. Bxg5 Bxf3 13. gxf3 Nxg5 14. Nf6+
Kh8 15. f4 Bb4+ 16. Kf1 Nd5 17. fxg5 Nxf6 18. Qd3 Qd5 19. Rg1 Rg8 20. gxf6
Rxg1+ 21. Kxg1 Rg8+ 22. Kf1 Qg2+ 23. Ke2 Qg4+ 24. Kf1 Qh3+ 25. Ke2 Qg4+ 26. Kf1
Qh3+ 27. Ke2 Qg4+ 1/2-1/2

[Event "Bad Wörishofen op 2012 28th"]
[Site "Bad Wörishofen (2.3.-10.3)"]
[Date "2012.03.02"]
[Round "1.23"]
[White "Sakowski, Christian"]
[Black "Buchal, Stephan"]
[Result "0-1"]
[WhiteElo "1864"]
[BlackElo "2264"]
[PlyCount "94"]
[EventDate "2012.03.??"]
[EventType "swiss"]
[EventRounds "9"]
[EventCountry "GER"]
[SourceDate "2013.02.18"]
[WhiteTeam "Türkheim/Wörishofen SC"]
[BlackTeam "Werder Bremen SV"]

1. d4 g6 2. e4 Bg7 3. Nf3 d6 4. c4 Nf6 5. Nc3 O-O 6. Be3 Na6 7. Be2 e5 8. dxe5
dxe5 9. Qxd8 Rxd8 10. h3 Nh5 11. O-O Nf4 12. Rfd1 Nxe2+ 13. Nxe2 Be6 14. b3 h6
15. Ne1 b6 16. Nc3 c6 17. f3 Bf8 18. Nc2 Nb4 19. Nxb4 Bxb4 20. Rxd8+ Rxd8 21.
Rd1 Rxd1+ 22. Nxd1 Kg7 23. Kf1 f5 24. Nf2 f4 25. Nd3 Bc3 26. Bc1 Kf6 27. Ba3 c5
28. Bc1 g5 29. Nf2 a6 30. Ba3 Bd4 31. Ng4+ Kg6 32. Bc1 b5 33. cxb5 axb5 34. Ke1
b4 35. Bd2 Bd7 36. Nf2 Bb5 37. Bc1 Bc3+ 38. Kd1 Bf1 39. a4 bxa3 40. Bxa3 Bd4
41. Ke1 Bxg2 42. Ke2 h5 43. Nd3 g4 44. hxg4 hxg4 45. fxg4 Bxe4 46. Nxc5 f3+ 47.
Kf1 Bc6 0-1

[Event "Bad Wörishofen op 2012 28th"]
[Site "Bad Wörishofen (2.3.-10.3)"]
[Date "2012.03.02"]
[Round "1.24"]
[White "Walda, Michael"]
[Black "Calzetta Ruiz, Monica"]
[Result "1/2-1/2"]
[WhiteElo "1831"]
[BlackElo "2294"]
[PlyCount "55"]
[EventDate "2012.03.??"]
[EventType "swiss"]
[EventRounds "9"]
[EventCountry "GER"]
[SourceDate "2013.02.18"]
[WhiteTeam "Niederräder TG"]
[BlackTeam "Kiel Doppelbauer SK"]

1. e4 c5 2. Nf3 Nc6 3. c4 g6 4. d4 cxd4 5. Nxd4 Nf6 6. Nc3 d6 7. Be2 Nxd4 8.
Qxd4 Bg7 9. O-O O-O 10. Bg5 a5 11. Qd2 a4 12. Rad1 Be6 13. f3 Nd7 14. Nd5 Bxd5
15. cxd5 Qb6+ 16. Kh1 Rfe8 17. b4 axb3 18. axb3 Nc5 19. Rb1 Ra3 20. Bc4 Kf8 21.
Be3 Rc8 22. Bg1 Qd8 23. Qb4 Ra7 24. f4 b6 25. Rbe1 Ra2 26. Re2 Rca8 27. Rxa2
Rxa2 28. Bxc5 1/2-1/2

[Event "Bad Wörishofen op 2012 28th"]
[Site "Bad Wörishofen (2.3.-10.3)"]
[Date "2012.03.02"]
[Round "1.25"]
[White "Glantz, Robert"]
[Black "Frei, Markus"]
[Result "1/2-1/2"]
[WhiteElo "2248"]
[BlackElo "1900"]
[PlyCount "150"]
[EventDate "2012.03.??"]
[EventType "swiss"]
[EventRounds "9"]
[EventCountry "GER"]
[SourceDate "2013.02.18"]
[WhiteTeam "Berlin 1903 Sfrd."]
[BlackTeam "Mörlenbach-Birkenau FB"]

1. e4 c5 2. Nf3 Nc6 3. Bb5 g6 4. Bxc6 dxc6 5. d3 Bg7 6. h3 Nf6 7. Nc3 O-O 8.
Be3 b6 9. Qd2 Re8 10. Nh2 e5 11. O-O-O Be6 12. f4 exf4 13. Bxf4 b5 14. Rdf1 Qa5
15. a3 b4 16. Nb1 Rad8 17. Qe1 Ba2 18. Ng4 Nd5 19. Nh6+ Bxh6 20. Bxh6 Bxb1 21.
Kxb1 Nc3+ 22. Ka1 bxa3 23. b3 c4 24. Bd2 cxb3 25. Bxc3 b2+ 26. Ka2 Qc5 27. Rf6
Rb8 28. Qd2 Rbd8 29. Bb4 Qb5 30. Qc3 Rb8 31. Qxa3 Qxb4 32. Qxb4 Rxb4 33. Kb1
Reb8 34. c3 Ra4 35. Kc2 Ra1 36. Rb1 Rxb1 37. Kxb1 Rb6 38. Rf2 Kf8 39. Rxb2 Ke7
40. Kc2 Kd6 41. Ra2 a6 42. d4 c5 43. Kd3 cxd4 44. cxd4 a5 45. Rxa5 Rb2 46. e5+
Ke6 47. Ra6+ Ke7 48. Ra7+ Ke6 49. Ke4 Re2+ 50. Kf3 Rd2 51. Ra6+ Ke7 52. Rd6 h5
53. g3 Rd3+ 54. Kf4 h4 55. gxh4 Rxh3 56. Ke4 Rxh4+ 57. Kd5 Rh8 58. Ra6 Rd8+ 59.
Kc5 Rd7 60. d5 Rb7 61. Ra4 Rb1 62. Ra7+ Ke8 63. Kd4 Rc1 64. Rb7 Rc2 65. Rb8+
Kd7 66. Rb7+ Ke8 67. d6 Rd2+ 68. Ke3 Rd1 69. Re7+ Kf8 70. Ke4 Rd2 71. Ra7 f6
72. Ra8+ Kf7 73. Ra7+ Ke8 74. Ra8+ Kf7 75. Ra7+ Ke8 1/2-1/2

[Event "Bad Wörishofen op 2012 28th"]
[Site "Bad Wörishofen (2.3.-10.3)"]
[Date "2012.03.02"]
[Round "1.26"]
[White "Strasser, Josef"]
[Black "Steinbacher, Matthias Dr"]
[Result "0-1"]
[WhiteElo "1813"]
[BlackElo "2242"]
[PlyCount "116"]
[EventDate "2012.03.??"]
[EventType "swiss"]
[EventRounds "9"]
[EventCountry "GER"]
[SourceDate "2013.02.18"]
[WhiteTeam "München SU"]
[BlackTeam "Gerresheim SF"]

1. e4 Nc6 2. Nc3 Nf6 3. Nf3 d5 4. exd5 Nxd5 5. d4 g6 6. Nxd5 Qxd5 7. Be2 Bg7 8.
c3 e5 9. dxe5 Qxd1+ 10. Bxd1 O-O 11. O-O Nxe5 12. Nxe5 Bxe5 13. f4 Bd6 14. Bf3
Bc5+ 15. Kh1 Rd8 16. Rd1 Bf5 17. b4 Rxd1+ 18. Bxd1 Re8 19. Bd2 Be3 20. Bxe3
Rxe3 21. Bf3 Rxc3 22. Bxb7 Rc4 23. a3 Rxf4 24. Rc1 Rf2 25. Kg1 Rc2 26. Rxc2
Bxc2 27. Kf2 Kf8 28. Ke3 Ke7 29. Kd4 Kd6 30. g3 Bb3 31. Bf3 g5 32. Be4 h6 33.
Bf3 f5 34. Bg2 Ba4 35. Bf3 a5 36. bxa5 Bb5 37. Bb7 c5+ 38. Kc3 Bc6 39. Ba6 Bd5
40. Kd3 f4 41. gxf4 gxf4 42. Bc8 Kc7 43. Bf5 Kb7 44. Kc3 Ka6 45. Bd3+ Kxa5 46.
Bc2 Kb5 47. Kd3 Bf3 48. Bb3 Kc6 49. Bf7 Kd6 50. Bg6 Bd1 51. Kd2 Ba4 52. Kd3 Bc6
53. Bh5 Ke5 54. Bg6 Bb5+ 55. Kd2 Kd4 56. Bh5 c4 57. Bd1 c3+ 58. Ke1 Ke3 0-1

[Event "Bad Wörishofen op 2012 28th"]
[Site "Bad Wörishofen (2.3.-10.3)"]
[Date "2012.03.02"]
[Round "1.27"]
[White "Pfretzschner, Roland"]
[Black "Haugg, Gerhard(63)"]
[Result "1-0"]
[WhiteElo "2166"]
[BlackElo "1812"]
[PlyCount "77"]
[EventDate "2012.03.??"]
[EventType "swiss"]
[EventRounds "9"]
[EventCountry "GER"]
[SourceDate "2013.02.18"]
[WhiteTeam "Plauen König SK"]
[BlackTeam "Kötz/Ichenhausen Spgem"]

1. e4 e6 2. b3 d5 3. Bb2 Nf6 4. e5 Nfd7 5. Qg4 g6 6. f4 Bg7 7. Nf3 c5 8. Nc3 a6
9. h4 h5 10. Qh3 Nc6 11. g4 Nb6 12. O-O-O Bd7 13. gxh5 Rxh5 14. Ne2 a5 15. a4
Nb4 16. Nc3 c4 17. Nd4 Bf8 18. Be2 Rh7 19. Kb1 Bc5 20. Ncb5 Nc6 21. h5 Nxd4 22.
Nxd4 Qe7 23. Qg3 Rg7 24. Nf3 Qf8 25. Ng5 gxh5 26. Rxh5 O-O-O 27. d3 cxb3 28.
cxb3 Kb8 29. f5 Qg8 30. f6 Rg6 31. d4 Bb4 32. Bd3 Rc8 33. Rdh1 Bd2 34. Rh8 Qxh8
35. Rxh8 Rxh8 36. Bxg6 Rg8 37. Nxf7 Be8 38. Qh2 Bb4 39. Qh7 1-0

[Event "Bad Wörishofen op 2012 28th"]
[Site "Bad Wörishofen (2.3.-10.3)"]
[Date "2012.03.02"]
[Round "1.28"]
[White "Malzer, Werner"]
[Black "Rahls, Peter"]
[Result "0-1"]
[WhiteElo "1837"]
[BlackElo "2101"]
[PlyCount "60"]
[EventDate "2012.03.??"]
[EventType "swiss"]
[EventRounds "9"]
[EventCountry "GER"]
[SourceDate "2013.02.18"]
[WhiteTeam "Kirchenlaibach TSV"]
[BlackTeam "Berlin Zehlendorf SK"]

1. e4 c5 2. Nc3 e6 3. Bc4 a6 4. a3 b5 5. Ba2 Bb7 6. d3 Nf6 7. Bg5 Be7 8. Nf3 b4
9. axb4 cxb4 10. Ne2 d5 11. e5 Nfd7 12. Bxe7 Qxe7 13. d4 Nc6 14. Bb3 O-O 15.
O-O a5 16. Qd2 Nb6 17. c3 Rfc8 18. Rfc1 a4 19. Ba2 b3 20. Bb1 Nc4 21. Qd3 g6
22. h4 Nxb2 23. Qd2 Nc4 24. Qh6 Qf8 25. Qg5 b2 26. Bc2 bxa1=Q 27. Rxa1 h6 28.
Qf4 Qg7 29. g4 a3 30. g5 h5 0-1

[Event "Bad Wörishofen op 2012 28th"]
[Site "Bad Wörishofen (2.3.-10.3)"]
[Date "2012.03.02"]
[Round "1.29"]
[White "Schaefer, Michael(59)"]
[Black "Lochte, Szilvia"]
[Result "1-0"]
[WhiteElo "2135"]
[BlackElo "1814"]
[PlyCount "59"]
[EventDate "2012.03.??"]
[EventType "swiss"]
[EventRounds "9"]
[EventCountry "GER"]
[SourceDate "2013.02.18"]
[WhiteTeam "Mörlenbach-Birkenau FB"]
[BlackTeam "Starnberg SC"]

1. d4 Nf6 2. c4 e6 3. Nc3 Bb4 4. g3 O-O 5. Bg2 d5 6. Nf3 Ne4 7. Qc2 c5 8. O-O
Bxc3 9. bxc3 b6 10. cxd5 exd5 11. dxc5 bxc5 12. c4 Re8 13. cxd5 Na6 14. a3 Rb8
15. Bf4 Rb6 16. Rfd1 Bf5 17. Nh4 Nxg3 18. Nxf5 Nxe2+ 19. Kh1 Nxf4 20. Be4 Nh3
21. f3 Rg6 22. d6 Kh8 23. Rd2 Qg5 24. Rg2 Qf6 25. Rd1 Rd8 26. Rg3 Rxg3 27. hxg3
g6 28. Nh6 Rxd6 29. Rxd6 Qxd6 30. Nxf7+ 1-0

[Event "Bad Wörishofen op 2012 28th"]
[Site "Bad Wörishofen (2.3.-10.3)"]
[Date "2012.03.02"]
[Round "1.30"]
[White "Urban, Rudolf"]
[Black "Gaerths, Ronny"]
[Result "0-1"]
[WhiteElo "1836"]
[BlackElo "2184"]
[PlyCount "69"]
[EventDate "2012.03.??"]
[EventType "swiss"]
[EventRounds "9"]
[EventCountry "GER"]
[SourceDate "2013.02.18"]
[WhiteTeam "München RTA"]
[BlackTeam "Kreuzberg SC"]

1. d4 d6 2. Nf3 Bg4 3. c4 Bxf3 4. exf3 g6 5. Nc3 Bg7 6. Be2 e6 7. O-O Ne7 8. f4
c6 9. Be3 O-O 10. Qd2 Nd7 11. Bf3 Nf5 12. Rad1 Qc7 13. g3 Rab8 14. Rc1 Qd8 15.
Rfd1 Rc8 16. d5 exd5 17. cxd5 c5 18. Bg4 a6 19. Qd3 Nd4 20. Ne2 Nxe2+ 21. Qxe2
f5 22. Bf3 b5 23. a4 Rb8 24. axb5 Rxb5 25. Rc2 Re8 26. Ra1 Ra5 27. Qe1 Rxa1 28.
Qxa1 Qb6 29. Bd2 Rb8 30. Qe1 Nf8 31. Ba5 Qb3 32. Bd1 Qxd5 33. Rd2 Qc6 34. Qe7
Re8 35. Qxd6 0-1

[Event "Bad Wörishofen op 2012 28th"]
[Site "Bad Wörishofen (2.3.-10.3)"]
[Date "2012.03.02"]
[Round "1.31"]
[White "Kauch, Markus"]
[Black "Goede, Heiko"]
[Result "1-0"]
[WhiteElo "2127"]
[BlackElo "1750"]
[PlyCount "69"]
[EventDate "2012.03.??"]
[EventType "swiss"]
[EventRounds "9"]
[EventCountry "GER"]
[SourceDate "2013.02.18"]
[WhiteTeam "SUI/Stäfa SC (Dotzheim TuS)"]
[BlackTeam "Sülz-Klettenberg SK"]
[WhiteTeamCountry "SUI"]

1. Nf3 Nf6 2. c4 g6 3. b4 Bg7 4. Bb2 O-O 5. g3 d6 6. Bg2 Re8 7. O-O c6 8. d3
Nbd7 9. Nc3 a6 10. a4 Nf8 11. b5 axb5 12. axb5 Bd7 13. Rxa8 Qxa8 14. Qb3 Qc8
15. bxc6 bxc6 16. Ra1 Ne6 17. Ra7 Nc5 18. Qa3 Qb8 19. Nd2 e5 20. Nde4 Rd8 21.
Nxc5 dxc5 22. Bc1 e4 23. Nxe4 Nxe4 24. Bxe4 Bg4 25. f3 Bh3 26. Bxc6 Qe5 27. Ra8
Rxa8 28. Qxa8+ Bf8 29. Bh6 Qe7 30. g4 Qd6 31. Bd5 Qe7 32. e4 Bxg4 33. fxg4 Qd6
34. Qxf8+ Qxf8 35. Bxf8 1-0

[Event "Bad Wörishofen op 2012 28th"]
[Site "Bad Wörishofen (2.3.-10.3)"]
[Date "2012.03.02"]
[Round "1.32"]
[White "Koelbl, Wolfgang"]
[Black "Schelle, Artur"]
[Result "1-0"]
[WhiteElo "1896"]
[BlackElo "2169"]
[PlyCount "61"]
[EventDate "2012.03.??"]
[EventType "swiss"]
[EventRounds "9"]
[EventCountry "GER"]
[SourceDate "2013.02.18"]
[WhiteTeam "Klosterlechfeld SK"]
[BlackTeam "München Tarrasch SC"]

1. d4 f5 2. c4 Nf6 3. Nc3 d6 4. Bg5 Nbd7 5. Nf3 g6 6. Qd2 h6 7. Be3 Bg7 8. g3
Ng4 9. Bg2 c6 10. Nh4 Nf8 11. h3 Nxe3 12. Qxe3 g5 13. Nf3 Ng6 14. g4 Nf4 15.
Rg1 O-O 16. gxf5 Rxf5 17. Nd2 Nxg2+ 18. Rxg2 Rf4 19. Nb3 Qf8 20. O-O-O Qf5 21.
Rh1 Be6 22. h4 Rxh4 23. Rxh4 gxh4 24. Qxh6 Bxc4 25. Qxh4 Rf8 26. e3 Qf6 27. Qg3
Rf7 28. Ne4 Qf3 29. Qxf3 Rxf3 30. Nbd2 Be2 31. Nc3 1-0

[Event "Bad Wörishofen op 2012 28th"]
[Site "Bad Wörishofen (2.3.-10.3)"]
[Date "2012.03.02"]
[Round "1.33"]
[White "Fenske, Wolfgang"]
[Black "Guttenthaler, Franz"]
[Result "0-1"]
[WhiteElo "1761"]
[BlackElo "2153"]
[PlyCount "87"]
[EventDate "2012.03.??"]
[EventType "swiss"]
[EventRounds "9"]
[EventCountry "GER"]
[SourceDate "2013.02.18"]
[WhiteTeam "Hamburg KSpr. SC"]
[BlackTeam "Germering SK"]

1. Nf3 Nf6 2. c4 e6 3. Nc3 d5 4. d4 Be7 5. e3 O-O 6. Bd3 Nbd7 7. O-O a6 8. b3
b6 9. Bb2 Bb7 10. Nd2 c5 11. Qc2 cxd4 12. exd4 h6 13. Rfe1 Rc8 14. Rac1 Nb8 15.
Ne2 Nc6 16. a3 Qc7 17. Nf3 dxc4 18. bxc4 Rfd8 19. Ng3 Na5 20. Ne5 b5 21. cxb5
Qxc2 22. Rxc2 Rxc2 23. Bxc2 axb5 24. Bd3 b4 25. axb4 Bxb4 26. Rc1 Nd5 27. Be4
Bd6 28. Nc4 Nxc4 29. Rxc4 Rb8 30. Bf3 Ba6 31. Rc2 Nb4 32. Rd2 Nd3 33. Bc3 Rc8
34. Ba1 Bf4 35. Rd1 Rc2 36. Ne2 Bd6 37. g3 Bb4 38. Nf4 Nxf2 39. Rb1 Nd3 40.
Nxd3 Bxd3 41. d5 Bc5+ 42. Kh1 exd5 43. Bxd5 Rxh2+ 44. Kxh2 0-1

[Event "Bad Wörishofen op 2012 28th"]
[Site "Bad Wörishofen (2.3.-10.3)"]
[Date "2012.03.02"]
[Round "1.34"]
[White "Schulz, Michael(58)"]
[Black "Margraf, Christoph"]
[Result "1-0"]
[WhiteElo "2070"]
[BlackElo "1808"]
[PlyCount "51"]
[EventDate "2012.03.??"]
[EventType "swiss"]
[EventRounds "9"]
[EventCountry "GER"]
[SourceDate "2013.02.18"]
[WhiteTeam "München Bayern FC"]
[BlackTeam "Ansbach SC"]

1. d4 d5 2. c4 e6 3. Nf3 Nf6 4. Nc3 Be7 5. e3 O-O 6. Bd3 Nbd7 7. O-O c6 8. b3
Re8 9. Bb2 Nf8 10. Ne5 N6d7 11. f4 f6 12. Nf3 Bd6 13. Qc2 Qe7 14. Rae1 b6 15.
f5 Bb7 16. fxe6 Qxe6 17. e4 Qf7 18. e5 Bb8 19. cxd5 cxd5 20. g3 h6 21. Nh4 Rc8
22. e6 Nxe6 23. Bg6 Qe7 24. Nf5 Qb4 25. Rxe6 Nf8 26. a3 1-0